Europäische Wirtschaftsgemeinschaft-Vertrag rundlage der Europäischen Gemeinschaft. Text des EWG-Vertrages und der ergänzenden Bestimmungen
Na minha lista:
| Formato: | Livro |
|---|---|
| Idioma: | alemão |
| Publicado em: |
Bonn
Europa Union
1990
|
| Edição: | 4. aktualisierte Aufl. |
| Assuntos: | |
| Tags: |
Sem tags, seja o primeiro a adicionar uma tag!
|
MARC
| LEADER | 00000nam a2200000 4500 | ||
|---|---|---|---|
| 001 | c000704 | ||
| 005 | 20221215125311.1 | ||
| 020 | |a 3-7713-0371-0 | ||
| 041 | 0 | |a ger | |
| 044 | |a DE | ||
| 245 | 1 | 0 | |a Europäische Wirtschaftsgemeinschaft-Vertrag |b rundlage der Europäischen Gemeinschaft. Text des EWG-Vertrages und der ergänzenden Bestimmungen |
| 250 | |a 4. aktualisierte Aufl. | ||
| 264 | 1 | |a Bonn |b Europa Union |c 1990 | |
| 300 | |a 152 s. | ||
| 610 | 2 | 0 | |a zmluvy medzinárodné |
| 610 | 2 | 0 | |a EHS |
| 610 | 2 | 0 | |a Európske spoločenstvá |
| 610 | 2 | 0 | |a politika zahraničná |
| 610 | 2 | 0 | |a právo medzinárodné |